000 00201nam a22000977a 4500
040 _cSCME
082 _a297.63 R224S
100 _aDr.Rehana Rasheed
_997631
245 _aSubah Laraib
942 _2ddc
_cBK
999 _c609056
_d609056